000 00318nam a2200133 i 4500
001 bg
100 1 _aWIECZOREK, Marcin
245 0 _aTechnologia i spawalnictwo stali /
_cMarcin Wieczorek.
260 _aŁódź,
_c1976.
040 _cBPK
041 _apol
942 _cKS
008 s pl f |000 0 pol
999 _c16954
_d16954
856 _uhttp://koha.tu.koszalin.pl/cgi-bin/koha/opac-detail.pl?biblionumber=16954
_yKatalog online BPK